[Event "FIDE Chesscom Grand Swiss 2021"]
[Site "Riga"]
[Date "2021.10.30"]
[Round "4.19"]
[White "Howell, David W L"]
[Black "Brkic, Ante"]
[Result "1/2-1/2"]
[WhiteElo "2658"]
[BlackElo "2621"]
[Annotator "TA"]
[PlyCount "63"]
[EventDate "2021.10.27"]
[EventType "swiss"]
[EventCountry "LAT"]
[Tiebreak "Cut1 Buchholz+Sonneborn-Berger (Swiss)"]
[SourceTitle "playchess.com"]
[Source "ChessBase"]
[SourceQuality "1"]

{[%evp 9,63,0,0,-14,0,-8,18,25,7,6,0,0,0,0,0,0,0,-9,-8,-11,-6,-20,-22,-27,-25,
-32,-24,-16,0,0,-5,-15,0,-17,-17,-17,-17,-17,0,0,0,0,0,0,0,0,0,0,0,0,0,0,0,0,0,
0]} 1. Nf3 d5 2. g3 g6 3. c4 dxc4 4. Na3 Bg7 5. Nxc4 Nc6 6. d3 {A09: Réti
Opening: 1 Nf3 d5 2 c4.} e5 7. Bd2 Nf6 8. Bc3 Nd5 9. Bxe5 Nxe5 10. Ncxe5 O-O $1
11. Bg2 Qe7 12. d4 c5 13. O-O cxd4 14. Nd3 {[#]} Bf5 $146 ({Predecessor:} 14...
Be6 15. a3 Rad8 16. Qa4 a6 17. Rac1 Rfe8 18. Rc2 Nb6 19. Qb4 Qxb4 20. axb4 Bb3
{1/2-1/2 (58) Almasi,Z (2682)-Harikrishna,P (2729) Hungary 2019}) 15. Nxd4 Bxd4
16. Bxd5 Rad8 17. Bf3 b6 {[%mdl 1024] Black has compensation.} 18. Rb1 Qf6 {
The position is equal.} 19. b3 Rfe8 20. Rc1 Rd6 21. Rc7 b5 22. Kg2 Bb6 23. Rc2
h5 24. h4 Qe6 25. Rh1 Red8 26. Qc1 Bxd3 27. exd3 Rxd3 28. Re1 Qf6 29. Be4 R3d6
30. Bf3 Rd3 31. Be4 R3d6 32. Bf3 {An uneventful encounter.  Weighted Error
Value: White=0.02/Black=0.03} 1/2-1/2

[Event "FIDE Chesscom Grand Swiss 2021"]
[Site "Riga"]
[Date "2021.10.30"]
[Round "4.20"]
[White "Indjic, Aleksandar"]
[Black "Oparin, Grigoriy"]
[Result "1/2-1/2"]
[WhiteElo "2612"]
[BlackElo "2654"]
[Annotator "TA"]
[PlyCount "77"]
[EventDate "2021.10.27"]
[EventType "swiss"]
[EventCountry "LAT"]
[Tiebreak "Cut1 Buchholz+Sonneborn-Berger (Swiss)"]
[SourceTitle "playchess.com"]
[Source "ChessBase"]
[SourceQuality "1"]

{[%evp 9,77,14,37,44,46,49,46,34,52,57,53,31,46,38,44,0,0,0,35,41,37,0,0,-15,
12,8,20,14,18,18,17,0,7,-18,-19,-27,-27,-33,0,0,0,0,0,-16,-9,-6,0,-15,0,0,0,8,
12,10,10,9,12,0,0,0,0,0,0,0,0,0,0,0,0,0]} 1. d4 Nf6 2. c4 e6 3. Nf3 d5 4. Nc3
dxc4 5. e4 b5 6. e5 {D24: Queen's Gambit Accepted: 3 Nf3 Nf6 4 Nc3.} Nd5 7.
Nxb5 Nb6 8. Be2 {White is slightly better.} Nc6 $1 {The main line 8...Nc6
scores better than 8...Be7.} 9. O-O Be7 10. Qd2 Bb7 11. Rd1 Qd7 12. b3 cxb3 13.
axb3 {[#]} a6 $146 ({Predecessor:} 13... Nb4 14. Nc3 O-O 15. Bb2 a5 16. Rac1
Rfc8 {1/2-1/2 (16) Urkedal,F (2564)-Hillarp Persson,T (2521) Fagernes 2021})
14. Nc3 Nb4 15. Ba3 O-O 16. Na4 Nxa4 17. Bxb4 Bxb4 18. Qxb4 {[%mdl 64] [#]
Double Attack} Nb6 19. Ra5 Rfd8 20. h4 h6 21. h5 Rab8 22. Rc1 ({Much worse is} 
22. Bxa6 Bxf3 23. gxf3 Nd5 $17) 22... Nd5 23. Qd2 Ne7 24. Rac5 $1 {The
position is equal.} Bc6 25. R1c3 Rb6 26. Ne1 Rdb8 ({Of course not} 26... Qxd4
$6 27. Rd3 $14) 27. Bd1 Rb4 28. R3c4 Rxc4 29. bxc4 Rd8 30. Bf3 Bxf3 31. Nxf3
Nc6 32. d5 exd5 33. Rxd5 Qe7 34. Qe3 a5 35. Qe4 a4 36. Rxd8+ Nxd8 37. Qa8 Qd7
38. g3 Kh7 39. Qe4+ {Weighted Error Value: White=0.08/Black=0.06} 1/2-1/2

[Event "FIDE Chesscom Grand Swiss 2021"]
[Site "Riga"]
[Date "2021.10.30"]
[Round "4.21"]
[White "Sevian, Samuel"]
[Black "Praggnanandhaa R"]
[Result "1-0"]
[WhiteElo "2654"]
[BlackElo "2618"]
[Annotator "TA"]
[PlyCount "118"]
[EventDate "2021.10.27"]
[EventType "swiss"]
[EventCountry "LAT"]
[Tiebreak "Cut1 Buchholz+Sonneborn-Berger (Swiss)"]
[SourceTitle "playchess.com"]
[Source "ChessBase"]
[SourceQuality "1"]

{[%evp 10,118,36,22,27,25,38,27,22,2,29,28,22,24,36,26,48,27,31,17,104,92,109,
106,102,93,98,81,111,125,132,19,24,0,0,0,0,0,0,-39,-40,-79,0,0,0,0,0,0,47,12,
44,12,25,0,0,0,0,0,0,0,26,23,73,89,75,75,137,122,260,55,83,79,232,236,321,237,
447,436,735,722,29963,29965,29965,29966,29965,29967,29967,29969,29967,29970,
29967,29971,29971,29972,29972,29973,29978,29974,29974,29975,29975,29975,29975,
29976,29976,29977,29979,29980,29980,29981,29981]} 1. e4 c5 2. Nf3 Nc6 3. Bb5 e6
4. O-O Nge7 5. d4 cxd4 6. Nxd4 Ng6 {is more profitable than 6...Qb6 at the
moment. B30: Sicilian: 2...Nc6 3 Bb5, lines without ...g6.} 7. Be3 Be7 8. c3 $5
{[%mdl 4] A promising side line.} O-O {White has an edge.} 9. Nd2 Bg5 {[#]} 10.
Qe1 $146 ({Predecessor:} 10. Bxg5 Qxg5 11. N2f3 Qc5 12. Qa4 a6 13. b4 Qh5 14.
Rfe1 Nxd4 15. Nxd4 d6 16. Rad1 {1/2-1/2 (48) Kobalia,M (2594)-Sjugirov,S (2661)
Moscow 2021}) 10... Bf4 11. g3 Bxe3 12. Qxe3 e5 13. Nf5 d5 14. Rad1 Qf6 (14...
Qa5 $11 {remains equal.} 15. Nd6 a6 16. exd5 axb5 17. Nxc8 (17. dxc6 bxc6 18.
a3 Be6 $11) 17... Rfxc8) 15. exd5 $16 {Strongly threatening Nxg7.} Bxf5 16.
dxc6 bxc6 17. Ba4 Rad8 18. Ne4 ({Don't go for} 18. Qxa7 $2 Ra8 $19) 18... Qe7
19. b4 Be6 20. Qe2 (20. Bxc6 $16 Bxa2 21. Bb5) 20... Bd5 $11 21. f3 a5 22. Nc5
axb4 23. cxb4 Qg5 24. Kh1 h5 25. Bb3 h4 (25... Bxb3 $17 26. Nxb3 h4) 26. Bxd5
cxd5 27. f4 exf4 28. gxf4 Qf6 29. Qg4 Rfe8 30. Qg5 (30. f5 $5 {[%cal Rf5g6]}
Ne5 31. Qd4 $14) 30... Qc6 31. f5 d4+ 32. Qg2 $1 {[%cal Rg2c6]} Ne5 33. Qxc6
Nxc6 34. b5 {Hoping for Nb7.} Nb4 35. a4 d3 {[#]} 36. Rf4 $1 $36 {[%cal Rf4b4]
[%mdl 2048] Black is under strong pressure.} d2 {[#]} 37. Re4 {Threatens to
win with Rxd2!} Rxe4 (37... Kf8 $142) 38. Nxe4 $16 {[%mdl 4096] Endgame KRN-KRN
} Ra8 (38... Rd4 $16) 39. Nc5 $2 ({But not} 39. Nxd2 $6 Rxa4 40. b6 Na6 $16) (
39. Rxd2 $18 {aiming for b6.} h3 40. Kg1) 39... Rc8 $14 40. Nb3 {White stays
focused until the end.} Rc3 $2 (40... Nd3 $16 41. Rxd2 Rc3) 41. Nxd2 $18 Ra3
42. Ne4 {b6 is the strong threat.} Kf8 $2 (42... h3 {keeps fighting.} 43. Rd8+
Kh7 44. Ng5+ Kh6 45. Nxh3 Kh5) 43. b6 Rxa4 (43... Na6 $142 44. b7 Ke8) 44. b7
Na6 {[#]} 45. Nc5 $1 {[%mdl 512] White mates.} Rb4 46. Rd8+ Ke7 47. Rd7+ Ke8
48. Nxa6 {KRN-KR} Rb1+ 49. Kg2 Kxd7 50. b8=Q Rxb8 51. Nxb8+ {KN-K3P} Kc7 52.
Na6+ Kb6 53. Nb4 Kc5 54. Nc2 Kd5 55. Kf3 Ke5 56. Kg4 h3 57. Ne1 Ke4 58. Nf3 f6
59. Ng1 Kd5 {Weighted Error Value: White=0.21/Black=0.41} 1-0

[Event "FIDE Chesscom Grand Swiss 2021"]
[Site "Riga"]
[Date "2021.10.30"]
[Round "4.22"]
[White "Shevchenko, Kirill"]
[Black "Vitiugov, Nikita"]
[Result "0-1"]
[WhiteElo "2632"]
[BlackElo "2727"]
[Annotator "TA"]
[PlyCount "64"]
[EventDate "2021.10.27"]
[EventType "swiss"]
[EventCountry "LAT"]
[Tiebreak "Cut1 Buchholz+Sonneborn-Berger (Swiss)"]
[SourceTitle "playchess.com"]
[Source "ChessBase"]
[SourceQuality "1"]

{[%evp 16,64,34,34,44,47,54,27,13,0,0,0,0,0,0,-47,0,0,0,-25,-25,-25,-21,-21,0,
-21,-3,-91,-80,-64,-57,-229,-93,-93,-90,-88,-93,-87,-96,-75,-75,-151,-191,-395,
-380,-469,-450,-5031,-2328,-6079,-5935]} 1. e4 e5 2. Nf3 Nc6 3. Bb5 a6 4. Ba4
Nf6 5. O-O Bc5 6. c3 b5 7. Bb3 d6 8. d4 Bb6 9. a4 Bg4 {C78: Ruy Lopez:
Archangelsk and Möller Defences.} 10. h3 Bh5 11. g4 {aiming for axb5.} Bg6 {
White has an edge.} 12. g5 Nxe4 13. Bd5 Ne7 {[%cal Re7d5]} 14. Bxa8 Qxa8 {[#]}
15. Nh4 $146 ({But not} 15. dxe5 dxe5 16. Nxe5 Ng3 $17) ({Predecessor:} 15.
axb5 Bh5 16. Rxa6 Qc8 17. Kh2 O-O 18. Qd3 Bg6 19. Qc4 d5 20. Qb4 c5 21. Qa4
exd4 22. Rxb6 {1-0 (39) Navara,D (2740)-Morovic Fernandez,I (2501) Batumi 2018}
) 15... Nf5 (15... b4 {with more complications.} 16. a5 Ba7 17. Be3 O-O 18. Qf3
exd4 19. cxd4 f5) 16. Nxf5 Bxf5 17. Qf3 (17. Re1 {looks sharper.} O-O 18. f3
Ng3 19. axb5 a5 20. Kh2) 17... Qc8 18. axb5 axb5 19. dxe5 dxe5 20. Be3 {
Strongly threatening Bxb6.} O-O 21. h4 (21. Re1 $11 {keeps the balance.}) 21...
Bxe3 $1 $17 22. fxe3 g6 23. Kh2 $2 {[#]} ({White should play} 23. Rd1 $15)
23... Qe6 (23... h6 $1 $19 {has better winning chances.} 24. Qg2 hxg5) 24. Qe2
h6 25. Nd2 {And now Nxe4 would win.} hxg5 26. Rxf5 {[%mdl 64] Remove Defender}
gxf5 27. Nxe4 fxe4 {KQR-KQR} 28. Rg1 {[#]} (28. Qh5 $142 Qg6 29. Qxg5) 28... f6
$1 29. Rg4 $2 (29. hxg5 f5 30. Kg2) 29... Kg7 $19 30. Rxe4 Rh8 {White must now
prevent ...f5.Black is clearly winning.} 31. Qg2 (31. Kg1 $142 f5 32. Rb4)
31... Qd5 32. Qc2 {[#]} Qxe4 $3 {[%mdl 512] Weighted Error Value: White=0.92/
Black=0.11} 0-1

[Event "FIDE Chesscom Grand Swiss 2021"]
[Site "Riga"]
[Date "2021.10.30"]
[Round "4.23"]
[White "Esipenko, Andrey"]
[Black "Zhou, Jianchao"]
[Result "1-0"]
[WhiteElo "2720"]
[BlackElo "2629"]
[Annotator "TA"]
[PlyCount "167"]
[EventDate "2021.10.27"]
[EventType "swiss"]
[EventCountry "LAT"]
[Tiebreak "Cut1 Buchholz+Sonneborn-Berger (Swiss)"]
[SourceTitle "playchess.com"]
[Source "ChessBase"]
[SourceQuality "1"]

{[%evp 16,167,18,24,24,12,15,27,13,8,11,12,27,16,16,16,25,0,0,0,0,-22,10,0,18,
0,0,-11,-10,-10,-13,-25,-6,0,0,0,0,0,0,6,7,0,0,0,27,27,27,29,33,14,71,70,72,72,
90,51,98,95,123,122,143,99,144,145,152,143,153,138,134,118,121,114,112,96,97,
104,104,100,122,0,0,0,138,137,125,123,132,139,166,130,176,137,137,137,138,140,
171,162,160,118,130,115,110,110,120,122,125,124,125,106,116,116,139,111,199,
189,294,292,289,280,270,248,399,406,391,399,391,362,385,383,370,367,618,510,
474,539,464,380,380,347,570,566,598,634,650,654,647,648,525,498,29964,29963,
29962,29940]} 1. e4 c5 2. Nf3 d6 3. Bb5+ Nc6 4. O-O Bd7 5. Re1 Nf6 6. c3 a6 7.
Bf1 Bg4 8. h3 Bxf3 9. Qxf3 e6 {is more profitable than 9...g6 at the moment.
B51: Sicilian: Moscow Variation (3 Bb5+) without 3...Bd7.} 10. d3 Be7 11. Nd2
O-O {White has an edge.} 12. Qe2 b5 13. g3 {[#]} b4 $146 ({Predecessor:} 13...
Rb8 14. Bg2 Qc7 15. a3 a5 16. a4 b4 17. Nc4 Nd7 18. Be3 Nce5 19. Nxe5 dxe5 {
1/2-1/2 (30) Bok,B (2607)-Harika,D (2497) Wijk aan Zee 2018}) 14. Nf3 bxc3 15.
bxc3 d5 16. e5 Nd7 17. Bf4 Nb6 18. a4 c4 19. d4 Nd7 20. Qd2 Na5 21. Qe3 Rb8 22.
Ra2 Rb3 23. Be2 Qb6 24. Nd2 Rb2 25. Rea1 Rb8 26. Bd1 Qd8 {White must now
prevent ...g5.} 27. h4 R8b7 28. Bc2 Qb8 29. Qe1 $1 Nc6 30. Rxb2 Rxb2 31. Qc1
Rb7 32. Nf3 a5 (32... Na5 $11 {keeps the balance.}) 33. Kg2 $16 Nb4 34. cxb4
axb4 35. Qb1 Nf8 36. Bd2 b3 37. Bd1 Ra7 38. Qb2 Bb4 39. Bc3 Qb6 40. Nd2 {
[%cal Bf3d2,Bd2b1,Bb1c3][%mdl 32]} Qa5 41. Nb1 Nd7 42. Bxb3 Bxc3 43. Nxc3 {
Hoping for Bd1.} Qb4 {[%mdl 64] Pin} 44. Rb1 {aiming for Bd1.} cxb3 45. Qxb3
Qxd4 {[#]} 46. Qb8+ $1 {[%mdl 512]} Nf8 {[#]} 47. Kg1 Ra6 $11 48. Qc8 (48. Qb7
{feels hotter.} Ra7 49. Qc8 h5 50. Rb8 Kh7 51. Nb5) 48... Qc4 (48... Rb6 $1 $11
{remains equal.} 49. Rb5 Rxb5 50. axb5 h5) 49. Qxc4 $16 dxc4 {[%mdl 4096]
Endgame KRN-KRN} 50. Rb4 Rc6 51. Rb8 f6 52. Ra8 Rb6 53. exf6 gxf6 54. Rc8 Kf7
55. Rxc4 Nd7 56. Rc7 Ke8 57. Kg2 Ra6 58. Rc4 f5 59. Kf1 Kd8 60. Ke2 Ne5 61. Rc5
Nd7 62. Rb5 Kc7 63. Kd3 Rd6+ 64. Kc2 Kc6 (64... Rc6 $16 65. f4 Nc5) 65. Na2 $18
Nf6 {[#]} (65... Kc7 {was called for.} 66. a5 Rc6+ 67. Kd3 Rd6+ 68. Ke3 Kc6)
66. Nb4+ $1 Kc7 67. a5 {[%cal Ba4a5,Ba5a6,Ba6a7][%mdl 32]} Ne4 68. f3 Nxg3 $2 (
68... Rd2+ {was necessary.} 69. Kb3 Nd6 70. Rc5+ Kd7) 69. a6 {Threatens to win
with a7.} Rd8 70. Rb7+ Kd6 71. Rxh7 e5 72. a7 Ra8 73. Kd2 f4 $2 (73... Kc5 74.
Nd3+ Kd6 75. Rh6+ Kd5) 74. Kd3 Kc5 75. Rb7 Rd8+ 76. Kc3 Ra8 77. Nd3+ Kc6 $2 (
77... Kd6 78. Rf7 e4 79. fxe4 (79. Nxf4 exf3 80. Nh3 Ne4+ 81. Kd4 f2 $16) 79...
Nxe4+ 80. Kd4 Ke6) 78. Rh7 e4 79. fxe4 Nxe4+ 80. Kd4 Nd6 81. Nb4+ Kb5 82. Nd5 {
Nc7+ is the strong threat.} Kc6 (82... Ka5 $18 83. Kc5 Ne4+ 84. Kc6 Nd2) 83.
Rc7+ Kb5 84. Rc5+ {Weighted Error Value: White=0.09/Black=0.15} 1-0

[Event "FIDE Chesscom Grand Swiss 2021"]
[Site "Riga"]
[Date "2021.10.30"]
[Round "4.24"]
[White "Movsesian, Sergei"]
[Black "Harikrishna, Pentala"]
[Result "0-1"]
[WhiteElo "2627"]
[BlackElo "2719"]
[Annotator "TA"]
[PlyCount "112"]
[EventDate "2021.10.27"]
[EventType "swiss"]
[EventCountry "LAT"]
[Tiebreak "Cut1 Buchholz+Sonneborn-Berger (Swiss)"]
[SourceTitle "playchess.com"]
[Source "ChessBase"]
[SourceQuality "1"]

{[%evp 21,112,21,23,17,15,15,25,11,12,16,10,16,18,12,8,17,22,12,28,26,19,15,20,
14,13,12,10,0,0,-4,0,-8,-8,-10,-5,-12,-3,-43,-20,-21,-21,-21,-20,-19,-12,-237,
-237,-237,-237,-240,-234,-348,-323,-322,-264,-238,0,-239,-250,-729,-984,-1069,
-1065,-1020,-1008,-949,-941,-860,-801,-735,-685,-1202,-1085,-29968,-29969,
-29972,-29968,-29968,-29969,-29969,-29970,-29969,-29971,-29971,-29972,-29971,
-29973,-29972,-29973,-29978,-29978,-29977,-29978]} 1. e4 e5 2. Nf3 Nc6 3. Bb5
a6 4. Ba4 Nf6 5. O-O Nxe4 6. d4 b5 7. Bb3 d5 8. dxe5 Be6 9. c3 Bc5 10. Qe2 O-O
11. Be3 f6 12. exf6 {C82: Open Ruy Lopez: 9 c3 without 9...Be7.} Bxe3 $5 {
[%mdl 4] Exploring less charted territory.} ({Much worse is} 12... gxf6 $6 13.
Nbd2 $16) 13. Qxe3 {Threatens to win with fxg7.} Qxf6 14. Nbd2 {White has an
edge.} Nxd2 15. Nxd2 Bf7 16. Nf3 Rae8 17. Qc5 Ne5 18. Nxe5 {[#]} Qxe5 $146 ({
Predecessor:} 18... Rxe5 19. Qxc7 Re2 20. Rae1 Rxb2 21. Re3 h6 22. h3 Rd2 23.
Rf3 Qe6 24. Qf4 Re2 {1/2-1/2 (33) Hegelund,O (2134)-Llorente Alvarez,J (2171)
ICCF email 2016}) 19. a4 Rb8 20. Rfe1 Qd6 21. Qxd6 cxd6 22. axb5 Rxb5 23. Bd1
Rxb2 24. Bf3 Rb6 25. h3 Rc8 26. Ra3 Kf8 27. Rea1 Ke7 28. Re1+ Kf6 29. Rea1 Be6
30. Rxa6 Rxa6 31. Rxa6 Rxc3 32. Rxd6 $11 {[%mdl 4096] Endgame KRB-KRB} Ke5 33.
Rd8 (33. Ra6 $11 {and White stays safe.}) 33... Rc1+ $19 34. Kh2 Rc8 35. Rxc8
Bxc8 {KB-KB} 36. Kg3 (36. g4 {was called for.}) 36... d4 $1 37. Be2 Ke4 38.
Bf3+ Ke5 39. Be2 Bf5 40. Bb5 $2 (40. Bd1) 40... d3 41. Ba4 Kd4 42. Kf4 Be6 43.
Bd1 Ba2 44. h4 Bb1 45. Kf5 Bc2 46. Bf3 Bb3 47. g4 d2 {Black mates.} 48. h5 Bc2+
49. Ke6 d1=Q 50. Bxd1 Bxd1 51. Kf7 Bxg4 52. Kxg7 {KB-KPP} Bf5 53. Kf6 {[#]} Ke4
$1 {[%cal Re4f4]} 54. Kg5 {[#]} Ke5 $1 55. f4+ Ke4 56. h6 Bd7 {Weighted Error
Value: White=0.53/Black=0.08} 0-1

[Event "FIDE Chesscom Grand Swiss 2021"]
[Site "Riga"]
[Date "2021.10.30"]
[Round "4.25"]
[White "Onyshchuk, Volodymyr"]
[Black "Alekseenko, Kirill"]
[Result "0-1"]
[WhiteElo "2622"]
[BlackElo "2710"]
[Annotator "TA"]
[PlyCount "88"]
[EventDate "2021.10.27"]
[EventType "swiss"]
[EventCountry "LAT"]
[Tiebreak "Cut1 Buchholz+Sonneborn-Berger (Swiss)"]
[SourceTitle "playchess.com"]
[Source "ChessBase"]
[SourceQuality "1"]

{[%evp 34,88,37,39,45,44,51,28,35,6,13,7,9,6,6,6,6,9,73,52,57,46,56,25,25,0,0,
0,0,0,15,-90,-96,-90,-104,-96,-92,-86,-68,-145,-117,-424,-421,-423,-156,-130,
-116,-414,-429,-835,-841,-838,-823,-825,-712,-29975,-29969]} 1. e4 e5 2. Nf3
Nc6 3. Bb5 a6 4. Ba4 Nf6 5. O-O Be7 6. Re1 b5 7. Bb3 O-O 8. h3 d6 9. c3 h6 10.
d4 Bd7 11. Nbd2 Re8 12. Nf1 Bf8 13. Ng3 Na5 14. Bc2 c5 15. d5 Nc4 16. a4 Nb6
17. a5 Nc4 18. b4 $1 Nh7 {C93: Closed Ruy Lopez: Smyslov Variation.} 19. Bd3
Rc8 {[#]} 20. Re2 $146 ({Predecessor:} 20. Bxc4 bxc4 21. Be3 cxb4 22. cxb4 g6
23. Qc1 h5 24. Ra3 h4 25. Nf1 f5 26. N1d2 fxe4 27. Nxe4 {1/2-1/2 (52) Navara,D
(2710)-Azarov,S (2618) Czech Republic 2013}) 20... g6 {White has an edge.} 21.
bxc5 Rxc5 22. Rea2 h5 23. Nd2 Nxd2 24. Bxd2 Be7 25. Rc2 Qc8 (25... Bg5 $11 {
remains equal.}) 26. Rac1 Bg5 27. c4 b4 28. Bxb4 {[#] Threatens to win with
Ra1.} Ba4 29. Ra1 Bxc2 30. Qxc2 Nf6 31. Ne2 Nd7 32. Nc3 (32. Nc1 $11) 32...
Rxc4 $17 33. Bxc4 Qxc4 34. Bxd6 {[#] Ra4 is the strong threat.} Rc8 35. Ra3 Qd4
{White must now prevent ...Bd2.} 36. Qb2 (36. g3 $1 $15) 36... Bf4 {Strongly
threatening ...Rxc3!} 37. Bb4 {[%mdl 8192]} (37. Kf1 $17 Nf6 38. Qc2) 37... Nf6
$19 38. g3 Bxg3 (38... Bd2 $19 {has better winning chances.} 39. Rb3 Nxe4 40.
Nxe4 Rc1+ 41. Qxc1 Bxc1) 39. Rb3 $17 Bh4 40. Qe2 {[%mdl 8192]} (40. Be7 $17 {
is the only way for White.}) 40... Rc4 $19 41. Qb2 (41. Na2 $142 Nxe4 42. Rd3
Qxf2+ 43. Qxf2 Nxf2 44. Rc3) 41... Nxe4 42. Nxe4 Qd1+ 43. Kg2 Rxe4 44. Bc5 Re1
{Weighted Error Value: White=0.90/Black=0.17} 0-1

[Event "FIDE Chesscom Grand Swiss 2021"]
[Site "Riga"]
[Date "2021.10.30"]
[Round "4.26"]
[White "Kollars, Dmitrij"]
[Black "Svidler, Peter"]
[Result "1/2-1/2"]
[WhiteElo "2621"]
[BlackElo "2694"]
[Annotator "TA"]
[PlyCount "64"]
[EventDate "2021.10.27"]
[EventType "swiss"]
[EventCountry "LAT"]
[Tiebreak "Cut1 Buchholz+Sonneborn-Berger (Swiss)"]
[SourceTitle "playchess.com"]
[Source "ChessBase"]
[SourceQuality "1"]

{[%evp 16,64,0,0,11,9,10,13,18,18,16,11,17,12,13,6,13,0,10,10,0,0,22,22,16,21,
10,12,17,17,24,-2,0,0,0,0,0,0,0,0,0,0,0,0,9,0,8,0,0,0,0]} 1. e4 c5 2. Nf3 d6 3.
d4 cxd4 4. Nxd4 Nf6 5. Nc3 a6 6. Be2 e5 7. Nb3 Be7 8. O-O O-O 9. Qd3 Qc7 {
B92: Sicilian Najdorf: 6 Be2.} 10. Bg5 Be6 11. Bxf6 Bxf6 12. Rfd1 Be7 13. Nd5
Bxd5 14. Qxd5 Nd7 {[#]} 15. Nd2 $146 ({Predecessor:} 15. c3 b5 16. Qd3 Nb6 17.
Nd2 f5 18. exf5 d5 19. Nf1 Rad8 20. Ng3 Kh8 21. Bg4 {0-1 (35) Eswaran,A (2162)
-Ippolito,D (2365) Philadelphia 2017}) 15... b5 16. c3 Rab8 17. Nf1 Nb6 18. Qd3
Nc4 19. Qc2 Bg5 20. Bxc4 bxc4 21. b4 cxb3 $1 22. axb3 Rb6 23. Rd5 Rfb8 {
The position is equal.} 24. Ra3 h5 25. h3 Rb5 26. Rxb5 axb5 27. Qd3 b4 28. cxb4
Rxb4 29. Ra4 Rb7 30. Ra6 Qc5 31. Rxd6 Rxb3 $1 32. Qxb3 Qxd6 {Not much happened
in this game.  Weighted Error Value: White=0.03/Black=0.04} 1/2-1/2

[Event "FIDE Chesscom Grand Swiss 2021"]
[Site "Riga"]
[Date "2021.10.30"]
[Round "4.27"]
[White "Mamedov, Rauf"]
[Black "Kovalev, Vladislav"]
[Result "1/2-1/2"]
[WhiteElo "2673"]
[BlackElo "2634"]
[Annotator "TA"]
[PlyCount "60"]
[EventDate "2021.10.27"]
[EventType "swiss"]
[EventCountry "LAT"]
[Tiebreak "Cut1 Buchholz+Sonneborn-Berger (Swiss)"]
[SourceTitle "playchess.com"]
[Source "ChessBase"]
[SourceQuality "1"]

{[%evp 25,60,24,27,-10,15,8,12,9,9,11,14,12,14,8,10,13,15,0,0,0,0,0,0,0,0,0,0,
0,0,0,0,0,0,0,0,0,0]} 1. Nf3 Nf6 2. g3 g6 3. Bg2 Bg7 4. c4 c6 5. d4 d5 6. O-O
O-O 7. cxd5 cxd5 8. Ne5 Ng4 9. Nf3 Nf6 10. Nc3 Ne4 11. Ne5 Nxc3 12. bxc3 Nc6
13. Nxc6 {13.Ba3 is the modern continuation.} bxc6 14. Qb3 {D79: Fianchetto
Grünfeld: Symmetrical Variation (6 0-0 c6 7 cxd5 cxd5).} Qa5 {The position is
equal.} 15. Qa3 Qxa3 16. Bxa3 Ba6 17. Rfb1 Rfb8 18. Bxe7 Bxe2 19. Bf1 Bxf1 20.
Kxf1 Bf8 21. Bxf8 (21. Bc5 {with more complications.} a5 22. Ke2 Bxc5 23. dxc5
Re8+ 24. Kd3) 21... Kxf8 $11 {[%mdl 4096] Endgame KRR-KRR} 22. Rb3 Rb6 23. Rab1
Rab8 24. Ke2 Ke7 25. Kd3 Kd6 26. h4 h5 {[#]} 27. c4 $146 {[#] Threatens to win
with c5+.} ({Predecessor:} 27. R1b2 Rxb3 28. axb3 a5 29. Kc2 Re8 30. Kd2 Rb8
31. Kc2 Re8 32. Kd2 Rb8 33. Kc2 {1/2-1/2 (31) Mamedyarov,S (2782)-Vachier
Lagrave,M (2751) Chess24.com INT 2021}) 27... dxc4+ 28. Kxc4 R8b7 29. R1b2 Rb8
30. Rb1 R8b7 {A rather calm draw.  Weighted Error Value: White=0.04/Black=0.02}
1/2-1/2

[Event "FIDE Chesscom Grand Swiss 2021"]
[Site "Riga"]
[Date "2021.10.30"]
[Round "4.28"]
[White "Sjugirov, Sanan"]
[Black "Erigaisi Arjun"]
[Result "1-0"]
[WhiteElo "2663"]
[BlackElo "2634"]
[Annotator "TA"]
[PlyCount "75"]
[EventDate "2021.10.27"]
[EventType "swiss"]
[EventCountry "LAT"]
[Tiebreak "Cut1 Buchholz+Sonneborn-Berger (Swiss)"]
[SourceTitle "playchess.com"]
[Source "ChessBase"]
[SourceQuality "1"]

{[%evp 21,75,19,18,18,24,13,27,26,26,18,20,24,23,21,30,10,14,18,14,14,14,9,22,
16,16,15,51,52,63,62,88,80,80,82,88,63,113,123,141,140,102,113,110,111,322,297,
588,303,641,661,638,620,996,972,910,881]} 1. e4 e5 2. Nf3 Nf6 3. Nxe5 d6 4. Nf3
Nxe4 5. d4 d5 6. Bd3 Bd6 7. O-O O-O 8. c4 c6 9. Nc3 Nxc3 10. bxc3 dxc4 11. Bxc4
Bf5 12. Bg5 {C42: Petroff Defence: 3 Nxe5 and unusual White 3rd moves.} Qa5 13.
Nh4 Be6 14. Bxe6 {aiming for Bf5.White has an edge.} Qxg5 15. Nf3 Qa5 16. Bb3
Nd7 17. Qd3 Rae8 18. Rfe1 Nf6 19. g3 g6 20. h4 Kg7 21. Kg2 h6 {[#]} 22. Rad1 $5
$146 {[%mdl 8] New and interesting.} ({Predecessor:} 22. a4 Qf5 23. Qxf5 gxf5
24. Ne5 Ne4 25. Nc4 Bc7 26. Ne3 f4 27. Nf5+ Kg6 28. Bc2 Kxf5 29. Bxe4+ {
1/2-1/2 (56) Van Foreest,J (2688)-Mamedyarov,S (2782) chess24.com INT 2021})
22... Qc7 23. c4 c5 24. d5 Nh5 {[%cal Rd6g3]} 25. Ba4 Re7 26. Rxe7 Qxe7 27. Re1
Qf6 28. Nd2 Qxh4 29. Ne4 $36 {[%mdl 2048] White is really pushing.} Qe7 30.
Qc3+ Be5 {[#]} 31. Nxc5 $1 {[%mdl 512]} Qxc5 32. Qxe5+ Kg8 $2 {A mistake that
costs the game.} (32... Nf6 $16) 33. d6 $18 Qxc4 (33... Qxe5 34. Rxe5 Nf6) 34.
Bb3 Qc8 (34... Qc6+ 35. Bd5 Qd7) 35. Qe7 {White is clearly winning.} Kg7 36. d7
Qc6+ 37. Kg1 Qf6 {[#]} 38. Qxf8+ $1 {[%mdl 576] Remove Defender, Promotion. 
Weighted Error Value: White=0.13/Black=0.41} 1-0